006980000a2200193000450024501350000065000150013565000230015065000240017365100280019765100320022565100280025765300330028504100130031870000250033170000220035670000230037810000190040177300840042010aCharacterization of mitochondrial DNA variability in a hybrid swarm between subspecies of bluegill sunfish ()14aGenética14aTaxonomía animal14aEspecies híbridas 4dFloridapEstados Unidos 4dMississippipEstados Unidos 4dGeorgiapEstados Unidos gLepomiseLepomis macrochirus0 aInglés1 aBermingham, Eldredge1 aKessler, Louis G.1 aSaunders, Nancy C.1 aAvise, John C.1 tEvolution: International Journal of Organic Evolution311h5q931-941d1984g38